University Home | Library Home | Institutional Repository

Readings in education. (Record no. 8227)

MARC details
000 -LEADER
fixed length control field 00600cam9a220021700 4500
001 - CONTROL NUMBER
control field zam00001917
008 - FIXED-LENGTH DATA ELEMENTS--GENERAL INFORMATION
fixed length control field 951128s1962 xx eng u
035 ## - SYSTEM CONTROL NUMBER
System control number (Sirsi) r19297
035 ## - SYSTEM CONTROL NUMBER
System control number (MACHINE)SLC.
100 ## - MAIN ENTRY--PERSONAL NAME
Personal name Noll, V. H.
Linkage A80103.1
245 10 - TITLE STATEMENT
Title Readings in education.
260 ## - PUBLICATION, DISTRIBUTION, ETC.
Date of publication, distribution, etc. 1962.
591 ## -
-- Class code: ED 210.
591 ## -
-- Course: Education psychology and sociology.
591 ## -
-- School: S03.
591 ## -
-- Lecturer: Dr. MUYANGWA, M.
591 ## -
-- Number of Students: 147.
949 ## - LOCAL PROCESSING INFORMATION (OCLC)
a LB1051
w lcc
m MAIN
p 2500
t SHORTLOAN
l SHORTLOAN
909 ## -
-- Book
Holdings
Withdrawn status Lost status Source of classification or shelving scheme Damaged status Not for loan Home library Current library Shelving location Total Checkouts Full call number Barcode Date last seen Copy number Price effective from Koha item type
    Library of Congress Classification     Main Library Main Library Item is at the Bindery   LB1051 62448-1001 08/12/2019 1 08/12/2019 Short Loan material
© 2026 - The University of Zambia Library - Koha v25.11